[Event "NOR-ch Seniors-A"]
[Site "Oslo"]
[Date "2015.07.11"]
[Round "9"]
[White "Heitun, Odd Gunnar"]
[Black "Lea, Per"]
[Result "1/2-1/2"]
[WhiteElo "1611"]
[BlackElo "1592"]
[PlyCount "94"]
[EventDate "2015.07.04"]
[EventType "swiss"]
[EventRounds "9"]
[EventCountry "NOR"]
[SourceTitle "EXT 2017"]
[Source "ChessBase"]
[SourceDate "2016.10.25"]
[SourceVersion "1"]
[SourceVersionDate "2016.10.25"]
[SourceQuality "1"]

1. Nf3 Nf6 2. c4 c5 3. Nc3 g6 4. g3 Bg7 5. d3 0-0 6. Bg2 Nc6 7. 0-0 e6 8. a3 a6 9. Rb1 Rb8 10. b4 cxb4 11. axb4 b5 12. cxb5 axb5 13. Bd2 d5 14. Qc1 Qd7 15. Re1 e5 16. e4 d4 17. Nd5 Bb7 18. Qc5 Ba8 19. Bg5 Qe6 20. Nc7 Qd7 21. Nxa8 Rxa8 22. Qxb5 Rab8 23. Qc5 Ne8 24. Rec1 Rc8 25. Qd5 Nf6 26. Qxd7 Nxd7 27. b5 Na7 28. Rxc8 Nxc8 29. Bh3 Ndb6 30. Bxc8 Rxc8 31. Bd2 f6 32. Ba5 Rb8 33. Nd2 Bf8 34. Bxb6 Rxb6 35. Nc4 Rb7 36. Kg2 Be7 37. g4 Kf8 38. Kg3 g5 39. f3 Ke8 40. h4 h6 41. hxg5 hxg5 42. Kf2 Kd7 43. Ke2 Bc5 44. Kd2 Kc7 45. Kc2 Rb8 46. Nd2 Rb7 47. Nc4 Rb8 1/2-1/2

[Event "NOR-ch Seniors-A"]
[Site "Oslo"]
[Date "2015.07.06"]
[Round "4"]
[White "Thorstensen, Roar"]
[Black "Heitun, Odd Gunnar"]
[Result "0-1"]
[WhiteElo "1451"]
[BlackElo "1611"]
[PlyCount "88"]
[EventDate "2015.07.04"]
[EventType "swiss"]
[EventRounds "9"]
[EventCountry "NOR"]
[SourceTitle "EXT 2017"]
[Source "ChessBase"]
[SourceDate "2016.10.25"]
[SourceVersion "1"]
[SourceVersionDate "2016.10.25"]
[SourceQuality "1"]

1. e4 e5 2. Nf3 Nc6 3. c3 Nf6 4. d3 Be7 5. Bg5 h6 6. Bh4 0-0 7. Nbd2 d6 8. Be2 Be6 9. b3 Nd7 10. Bxe7 Qxe7 11. d4 exd4 12. cxd4 d5 13. e5 f6 14. exf6 Qxf6 15. Nf1 Rae8 16. Ne3 Nb6 17. 0-0 Qe7 18. a3 a5 19. Qd2 Bd7 20. Bb5 Ra8 21. Bd3 Qf6 22. Bc2 Ne7 23. Rac1 c6 24. h3 Bxh3 25. gxh3 Qxf3 26. Qd3 Qxh3 27. Qh7+ Kf7 28. Bf5 Nxf5 29. Nxf5 Qg4+ 30. Ng3 Qg6 31. Qxg6+ Kxg6 32. f4 Rae8 33. Rf3 Re4 34. Nxe4 dxe4 35. Rf2 Kf5 36. Rc5+ Nd5 37. Kf1 e3 38. Rf3 Kg4 39. Ke2 Nxf4+ 40. Kxe3 Nd5+ 41. Kd2 Rxf3 42. Rxa5 Rxb3 43. Ke2 Rb6 44. Ra7 h5 0-1

[Event "Fagernes Norsk op-B"]
[Site "Fagernes"]
[Date "2014.04.13"]
[Round "3"]
[White "Heitun, Odd Gunnar"]
[Black "Ayzenberg, Alena"]
[Result "0-1"]
[WhiteElo "1273"]
[BlackElo "1929"]
[PlyCount "218"]
[EventDate "2014.04.13"]
[EventType "swiss"]
[EventRounds "9"]
[EventCountry "NOR"]
[SourceTitle "EXT 2016"]
[Source "ChessBase"]
[SourceDate "2015.10.08"]
[SourceVersion "1"]
[SourceVersionDate "2015.10.08"]
[SourceQuality "1"]

1. Nf3 d5 2. c4 c6 3. g3 Nf6 4. Bg2 g6 5. b3 Bg7 6. Bb2 0-0 7. 0-0 Nbd7 8. d3 b6 9. Nbd2 Bb7 10. b4 c5 11. b5 d4 12. Re1 Qc7 13. e4 e5 14. h3 a6 15. a4 axb5 16. axb5 Rxa1 17. Bxa1 Ra8 18. Qb3 Ne8 19. Nh2 Bh6 20. Ndf1 Bc8 21. Bb2 Ra5 22. Ra1 Rxa1 23. Bxa1 Qa7 24. Bb2 Nd6 25. Qa3 Qxa3 26. Bxa3 Nf6 27. Nf3 Nd7 28. N1h2 Nb7 29. Ng4 Bg7 30. Bc1 f6 31. Bd2 h5 32. Ngh2 Kf7 33. Kf1 g5 34. g4 h4 35. Ke1 Nf8 36. Ng1 Ne6 37. Ne2 Ke7 38. Kd1 Kd7 39. Kc2 Bf8 40. Kb3 Bd6 41. Nf3 Bc7 42. Ka4 Nd6 43. Ne1 Nf7 44. Bf1 Ke7 45. Ng2 Nh8 46. f3 Ng6 47. Kb3 Bd6 48. Bc1 Nc7 49. Bd2 Be6 50. Ka4 Bd7 51. Ka3 Nf8 52. Kb2 Nfe6 53. Nc1 Nd8 54. Nb3 Nce6 55. Nc1 Nb7 56. Nb3 Nc7 57. Kc2 Na8 58. Kb2 Bc7 59. Ka3 Bd6 60. Kb2 Nc7 61. Ne1 Nxb5 62. cxb5 Bxb5 63. Nc2 Ba6 64. Na3 Bc7 65. Nc4 Kd7 66. Kc2 Nd8 67. Nb2 Nc6 68. Na4 Kd6 69. Nb2 b5 70. Be2 Bc8 71. Nd1 Be6 72. Nb2 Bb6 73. Bf1 Kc7 74. Be2 Kb7 75. Bd1 c4 76. dxc4 bxc4 77. Nc1 Bc5 78. Na4 Ba3 79. Kb1 Na7 80. Be1 Kc6 81. Ne2 Nb5 82. Ba5 Be7 83. Be1 Na3+ 84. Kc1 Kb5 85. Nac3+ Kc5 86. Bf2 Bd7 87. Nd5 Bd8 88. f4 Bc6 89. fxe5 fxe5 90. Nec3 Nb5 91. Na4+ Kd6 92. Bf3 Bxd5 93. exd5 Ba5 94. Nb2 Na3 95. Nd1 c3 96. Be4 Nc4 97. Be1 Nb6 98. Kc2 Nxd5 99. Bf2 Nf4 100. Bxd4 exd4 101. Nf2 Bb6 102. Bf5 Bd8 103. Ne4+ Kd5 104. Nf2 Kc4 105. Bd3+ Nxd3 106. Nxd3 Kd5 107. Nf2 Ke5 108. Kd3 Bb6 109. Ne4 c2 0-1

[Event "Fagernes Norsk op-B"]
[Site "Fagernes"]
[Date "2014.04.13"]
[Round "7"]
[White "Heitun, Odd Gunnar"]
[Black "Risting, Eivind Olav"]
[Result "0-1"]
[WhiteElo "1273"]
[BlackElo "1743"]
[PlyCount "90"]
[EventDate "2014.04.13"]
[EventType "swiss"]
[EventRounds "9"]
[EventCountry "NOR"]
[SourceTitle "EXT 2016"]
[Source "ChessBase"]
[SourceDate "2015.10.08"]
[SourceVersion "1"]
[SourceVersionDate "2015.10.08"]
[SourceQuality "1"]

1. e4 e6 2. d4 d5 3. Nc3 Nf6 4. Bg5 Be7 5. e5 Nfd7 6. Bxe7 Qxe7 7. Nb5 Nb6 8. Nf3 0-0 9. Bd3 a6 10. Nc3 h6 11. h3 c5 12. dxc5 Qxc5 13. 0-0 Nc6 14. a3 Nd7 15. Re1 b5 16. Qd2 Bb7 17. b4 Qb6 18. Rac1 Qc7 19. Qe3 Rac8 20. Nd1 Nb6 21. Nb2 Nb8 22. Nh2 Nc4 23. Nxc4 bxc4 24. Bf1 Nc6 25. c3 Ne7 26. g4 Qc6 27. Qd4 Ra8 28. Rc2 Qa4 29. Ra2 Nc6 30. Qd2 a5 31. Be2 axb4 32. cxb4 Qb3 33. Bf1 Rxa3 34. Rxa3 Qxa3 35. Rb1 Nxe5 36. Qd4 Ng6 37. b5 e5 38. Qb6 Ba8 39. Bg2 Nf4 40. Re1 Nxg2 41. Kxg2 d4+ 42. f3 c3 43. Rxe5 c2 44. Rc5 d3 45. Qc7 d2 0-1